Statistics for Best of Mal's General Knowledge #3

Click here to take the quiz!

General Stats

  • This quiz has been taken 6,618 times
  • The average score is 13 of 20

Answer Stats

Question Answer % Correct
What fictional character drinks martinis in the movies, but prefers whisky
in the original books?
James Bond
87%
What's the capital of Malaysia?Kuala Lumpur
86%
What animal's scientific name is Panthera leo?Lion
83%
What star is approximately 150 million kilometers from the Earth?The Sun
75%
What is the nearest national capital to Reykjavík?Dublin
72%
What blood type, which less than 1% of people have, is known as the universal recipient?AB+
72%
What blunt object is used by judges and auctioneers?Gavel
70%
Ellesmere Island is the world's tenth largest island. What country is it part of?Canada
67%
Who is the leading goal scorer in Real Madrid history?Cristiano Ronaldo
66%
What language does the greeting "namaste" come from?Hindi
66%
What singer's eighteenth and final #1 hit was "Suspicious Minds" in 1969?Elvis Presley
64%
What is located at 90 degrees South?South Pole
60%
What is the fear of open spaces?Agoraphobia
57%
Who was assassinated by Nathuram Vinayak Godse in 1948?Mohandas Gandhi
55%
What country, known for Pilsner, produces the most beer per capita?Czech Republic
54%
Only 12 people have ever done it. The last to do so was Gene Cernan in 1972. What is it?Walk on the moon
52%
What type of animal, found in South and Central America, is divided into
groups having two toes or three?
Sloth
51%
What is the only animal beginning with Q mentioned in both the Bible and the Quran?Quail
43%
The 100th element of the periodic table has the symbol Fm. Who is it named after?Enrico Fermi
41%
What Russian volcano is generally considered to be the tallest mountain in Europe?Mount Elbrus
37%

Score Distribution

Percentile by Number Answered

Percent of People with Each Score

Your Score History

You have not taken this quiz